02090njm a2200169 a 4500001001500000005001700015008004100032020001100073024001700084100001800101245006200119260004600181300004100227505043300268520113700701856008201838ASINB00BM6BSI420200421093826.0130724s2013 xxu eng d c$18.891 a7255430030271 aPopovic, Ana.10aCan you stand the heath[sound recording] /cAna Popovic. a[S.l.] :bArtistexclusive Records,c2013. a1 sound disc :bdigital ;c4 3/4 in.0 tCan you stand the heat --tCan't you see what you're doing to me --tMo' better love --tObject of obsession --tBoys' night out --tHot southern night (W/lucky peterson) --tEvery kind of people --tAna's shuffle --tBlues for mrs. pauline/leave my boy alone --tLeave well enough alone aka high maintenance you --tTribe --tRain fall down --tGrowing up too soon (bonus track) --tMo' better love (W/tommy sims - bonus track) aMemphis, Tennessee based Ana Popovic returns with a daring studio record. An album full of 'Old School' funk and bluesy grooves, in the vein of Albert King, Albert Collins and War. Can You Stand The Heat was produced by Tony Coleman (drummer - B. B. King), co-produced by Ana and Grammy Award winner Tommy Sims. With Can You Stand The Heat , Ana Popovic follows up her 2011 two time Music Blues Award nominated album Unconditional , which reached #4 on the Billboard Blues Chart, the top 10 of Amazon's Best Blues Albums and the top 15 of Guitar World's top Blues and Roots Rock albums. Ana Popovic was born in Belgrade, formerly Yugoslavia. She quickly picked up her father's impressive blues and soul record collection, grabbed his guitar and went to work at a young age of 15. Since then, Ana has developed into a phenomenal guitarist/vocalist who tirelessly tours around the world playing major blues, jazz and rock festivals. Ana blends smoking electric funk slide guitar, jazzy instrumentals and tight blues groove with soulful feminine vocals. Her incredible stage presence makes her an irresistible force in the music world.403Amazon.comuhttp://www.amazon.com/exec/obidos/ASIN/B00BM6BSI4/chopaconline-20